00651nam a2200193Ia 4500008004100000020001400041082001500055100001900070245006100089250000700150260004500157300002900202500001900231600002100250650005000271942000700321952011400328999001500442240925s9999 xx 000 0 und d a134881729 a005.75 RES aRessler, Sandy 4aThe Art of Electronic Publishing: the internet & beyond  aNA aNew Jersey:bPrintice- Hall Int.c,1997. axvii,450p.bNAfOriginal aIncludes Index aComputer Science aComputer science, information & general works cBK 011440708CSaUITUbUITUd2000-07-28eNAg195.00l0o005.75 RESpQ2616r2024-09-25 07:12:52w2024-09-25yBK c5115d5115